Участие России в решении конфликтных проблем в зоне континентального шельфа; Актуальные проблемы гуманитарных наук

Podrobná bibliografie
Parent link:Актуальные проблемы гуманитарных наук.— 2013.— [С. 180-182]
Hlavní autor: Глазунова А. И.
Shrnutí:Заглавие с экрана
Jazyk:ruština
Vydáno: 2013
Edice:Таможенное дело: история, теория, современная практика
Témata:
On-line přístup:http://www.lib.tpu.ru/fulltext/c/2013/C20/084.pdf
Médium: MixedMaterials Elektronický zdroj Kapitola
KOHA link:https://koha.lib.tpu.ru/cgi-bin/koha/opac-detail.pl?biblionumber=239893

MARC

LEADER 00000naa2a2200000 4500
001 239893
005 20251208133250.0
035 |a (RuTPU)RU\TPU\book\261137 
035 |a RU\TPU\book\261132 
090 |a 239893 
100 |a 20130617d2013 k y0rusy50 ca 
101 0 |a rus 
102 |a RU 
135 |a drcn ---uucaa 
181 0 |a i  
182 0 |a b 
200 1 |a Участие России в решении конфликтных проблем в зоне континентального шельфа  |f А. И. Глазунова 
203 |a Текст  |c электронный 
215 |a 1 файл(306 Кб) 
225 1 |a Таможенное дело: история, теория, современная практика 
300 |a Заглавие с экрана 
320 |a [Библиогр.: с. 182 (6 назв.)] 
337 |a Adobe Reader 
463 1 |0 (RuTPU)RU\TPU\book\259431  |t Актуальные проблемы гуманитарных наук  |o сборник научных трудов ХII Международной научно-практической конференции студентов, аспирантов и молодых ученых 3-6 апреля 2013 г., г. Томск  |f Национальный исследовательский Томский политехнический университет (ТПУ)  |v [С. 180-182]  |d 2013 
610 1 |a электронный ресурс 
610 1 |a труды учёных ТПУ 
610 1 |a конфликтные ситуации 
610 1 |a континентальный шельф 
610 1 |a решение 
610 1 |a участие 
610 1 |a Россия 
700 1 |a Глазунова  |b А. И. 
801 1 |a RU  |b 63413507  |c 20101016 
801 2 |a RU  |b 63413507  |c 20130617  |g RCR 
856 4 |u http://www.lib.tpu.ru/fulltext/c/2013/C20/084.pdf 
942 |c CF